| 000 | 00462nam a22001457a 4500 | ||
|---|---|---|---|
| 003 | NUST | ||
| 082 | _a958.1045,COL | ||
| 100 |
_aColl, Steve _99738 |
||
| 245 |
_aGhost Wars : _bThe Secret Histoy of the CIA Afghanistan and Bin Laden, from the Soviet Invasion to September 10, 2001 / _cSteve Coll, |
||
| 260 |
_aArmy Publishing House _bRawalpindi _c2004 |
||
| 300 | _a712 p | ||
| 650 |
_aGhost Wars _9108891 |
||
| 651 |
_aSecret Histoy _9108892 |
||
| 942 |
_2ddc _cBK |
||
| 999 |
_c593216 _d593216 |
||